<?xml version="1.0" encoding="UTF-8"?>
<collection xmlns="http://www.loc.gov/MARC21/slim">
  <record>
    <leader>00000nam  2200000   4500</leader>
    <controlfield tag="001">INLIS000000000005123</controlfield>
    <controlfield tag="005">20190410030850</controlfield>
    <datafield tag="035" ind1="#" ind2="#">
      <subfield code="a">0010-0419000083</subfield>
    </datafield>
    <controlfield tag="007">ta</controlfield>
    <controlfield tag="008">190410###########################0#ind##</controlfield>
    <datafield tag="082" ind1="#" ind2="#">
      <subfield code="a">354.640 72</subfield>
    </datafield>
    <datafield tag="084" ind1="#" ind2="#">
      <subfield code="a">R. 354.640 72 LEM m</subfield>
    </datafield>
    <datafield tag="100" ind1=" " ind2="#">
      <subfield code="a">Lembaga Administrasi Negara</subfield>
    </datafield>
    <datafield tag="245" ind1="1" ind2="#">
      <subfield code="a">Model Partisipasi Masyarakat Dalam Rangka Peningkatan Kualitas Pelayanan Dasar Di Beberapa Negara Asia Pasifik :</subfield>
      <subfield code="b">Laporan /</subfield>
      <subfield code="c">Lembaga Administrasi Negara</subfield>
    </datafield>
    <datafield tag="260" ind1="#" ind2="#">
      <subfield code="a">xvi., 141 hlm :</subfield>
      <subfield code="b">Pusat Kajian Administrasi International,</subfield>
      <subfield code="c">2008</subfield>
    </datafield>
    <datafield tag="300" ind1="#" ind2="#">
      <subfield code="a">144 hlm :</subfield>
      <subfield code="b">ilus. ;</subfield>
      <subfield code="c">24 Cm</subfield>
    </datafield>
    <datafield tag="650" ind1="#" ind2="#">
      <subfield code="a">Pelayanan Publik</subfield>
    </datafield>
    <datafield tag="856" ind1="#" ind2="#">
      <subfield code="a">Perpustakaan  Lembaga Administrasi Negara RI</subfield>
    </datafield>
    <datafield tag="990" ind1="#" ind2="#">
      <subfield code="a">130414000</subfield>
    </datafield>
  </record>
</collection>
